LEADER 01598nam a2200301 u 4500 001 000000033504 003 CaOOAMICUS 005 20070226112353.0 008 971104s1984 it u000 u fre u 035 $a10775266 040 $aPUL$bita 111 2 $aConférences Saint-Serge$d(1983 :$cParigi).$0(OLS)http://pul/name/79733 245 10$aTrinité et liturgie :$bConférences Saint-Serge : XXXe Semaine d'études liturgiques, Paris, 28 juin - 1er juillet 1983 /$céditées par A.M. Triacca et A. Pistoia ; Andronikof C. ... [et al.]. 260 $aRoma :$bEdizioni Liturgiche,$c1984. 300 $a458 p. ;$c24 cm 490 1 $aBibliotheca "Ephemerides liturgicae".$aSubsidia ;$v32 650 4$aLiturgia$xCongressi.$0(OLS)http://pul/subject/6493 700 1 $aPistoia, Alessandro.$0(OLS)http://pul/name/13358 700 1 $aTriacca, Achille M.,$d1935-2002.$0(OLS)http://pul/name/59441 700 1 $aAndronikov, Konstantin.$0(OLS)http://pul/name/11958 711 2 $aSemaine d'études liturgiques$n(30 :$d1983 :$cParigi).$0(OLS)http://pul/name/79734 830 0$aBibliotheca "Ephemerides liturgicae".$pSubsidia ;$v32.$0(OLS)http://pul/title/81 850 $aPUL 852 $aPUL$W1$xSL Religione 1$y3$m15 F 43$j46003$nBK-PRI$b $qStampati$B46003$CPULBib$Z2$F46003 $H $81 941 1 $a8 961 $aINV: 53008 996 $6245$aTrinité et liturgie :$bConférences Saint-Serge : XXXe Semaine d'études liturgiques, Paris, 28 juin - 1er juillet 1983$9(OLS)http://pul/title/46118 996 $6260$aRoma :$bEdizioni Liturgiche$9(OLS)http://pul/publisher/48268 LEADER 01198nam a2200301 a 4500 001 000000123280 003 CaOOAMICUS 005 20101006141356.0 008 101006t2007 it u000 u ita r 020 $z978-88-01-03721-X* 040 $aPUL$bita 082 04$a234 100 1 $aColuccia, Francesco.$0(OLS)http://pul/name/77581 245 10$aEucaristia, terapia d'amore /$cFrancesco Coluccia ; prefazione di Tomá? card. ?pidlík. 260 $aLeumann (TO) :$bElledici,$c©2007. 300 $a158 p. ;$c21 cm 650 4$aEucaristia.$0(OLS)http://pul/subject/1539 700 1 $aSpidlík, Tomás,$cS.I.,$d1919-2010.$0(OLS)http://pul/name/10436 850 $aPUL 852 $aPUL$W1$xSL Religione 3$y85$m234 COLFR 1$j141780$qDDC 21$B140795$CPULBib$Z2$F140795 $H114954 $82 941 1 $a9 960 $aEucarestia$91539 960 $aComunione (sacramento)$91539 996 $6020$z978-88-01-03721-X*$9(OLS)http://pul/number/145561 996 $6082$a234$9(OLS)http://pul/classification/573 996 $6245$aEucaristia, terapia d'amore$9(OLS)http://pul/title/155363 996 $6260$aLeumann (TO) :$bElledici$9(OLS)http://pul/publisher/79122